<?xml version="1.0" encoding="UTF-8"?>
<collection xmlns="http://www.loc.gov/MARC21/slim">
 <record>
  <leader>01183nam a22001811  4500</leader>
  <controlfield tag="001">1/16364</controlfield>
  <controlfield tag="008">991021s1987    gr                  gre d</controlfield>
  <datafield tag="035" ind1=" " ind2=" ">
   <subfield code="l">16873</subfield>
  </datafield>
  <datafield tag="040" ind1=" " ind2=" ">
   <subfield code="a">GR-PeUP</subfield>
  </datafield>
  <datafield tag="082" ind1="0" ind2="0">
   <subfield code="a">328.094 ΕΥ</subfield>
  </datafield>
  <datafield tag="245" ind1="0" ind2="0">
   <subfield code="a">Ευρωπαϊκό κοινοβούλιο :</subfield>
   <subfield code="b">εξεταστική επιτροπή για την άνοδο του φασισμού και του ρατσισμού στην Ευρώπη έκθεση για τα αποτελέσματα των εργασιών /</subfield>
   <subfield code="c">Εισηγητής Δημήτριος Ευρυγένης</subfield>
  </datafield>
  <datafield tag="260" ind1=" " ind2=" ">
   <subfield code="a">Αθήνα :</subfield>
   <subfield code="b">Σάκκουλα ,</subfield>
   <subfield code="c">1987</subfield>
  </datafield>
  <datafield tag="300" ind1=" " ind2=" ">
   <subfield code="a">206 σ. :</subfield>
   <subfield code="b">πίν. :</subfield>
   <subfield code="c">24 εκ.</subfield>
  </datafield>
  <datafield tag="490" ind1="1" ind2=" ">
   <subfield code="a">Βιβλιοθήκη Διεθνούς και Eυρωπαϊκού Oικονομικού Δικαίου ;</subfield>
  </datafield>
  <datafield tag="650" ind1=" " ind2="4">
   <subfield code="a">Ευρωπαϊκό Κοινοβούλιο</subfield>
   <subfield code="b">Αντιπροσωπεία στην Ελλάδα.</subfield>
  </datafield>
  <datafield tag="650" ind1=" " ind2="4">
   <subfield code="a">Νομοθετικά σώματα.</subfield>
  </datafield>
  <datafield tag="830" ind1=" " ind2="0">
   <subfield code="a">Βιβλιοθήκη Διεθνούς και Eυρωπαϊκού Oικονομικού Δικαίου ;</subfield>
   <subfield code="v">8.</subfield>
  </datafield>
  <datafield tag="852" ind1=" " ind2=" ">
   <subfield code="a">INST</subfield>
   <subfield code="b">UNIPILB</subfield>
   <subfield code="c">MAIN</subfield>
   <subfield code="e">20040709</subfield>
   <subfield code="h">328.094 ΕΥ</subfield>
   <subfield code="p">00122221</subfield>
   <subfield code="q">00122221</subfield>
   <subfield code="t">LOAN</subfield>
   <subfield code="y">0</subfield>
   <subfield code="4">1</subfield>
  </datafield>
 </record>
</collection>
